21 - 岐阜県の自治体(Text) - Statistics

General Stats
  • This quiz has been taken 122 times
    33 since last reset
  • The average score is 33 of 42
Answers on the Map
Answers color-coded by a green-red scale on the quiz's map according to % correct below.
 
Answer Stats
市町村 % Correct
岐阜ぎふ
100%
高山たかやま
100%
大垣おおがき
95%
可児かに
95%
郡上ぐじょう
95%
大野おおのぐん 白川しらかわむら
95%
不破ふわぐん 関ケ原せきがはらちょう
95%
せき
95%
飛騨ひだ
95%
各務原かかみがはら
90%
瑞浪みずなみ
90%
美濃みの
90%
揖斐いびぐん 揖斐川いびがわちょう
85%
恵那えな
85%
海津かいづ
85%
下呂げろ
85%
加茂かもぐん 白川しらかわちょう
85%
多治見たじみ
85%
加茂かもぐん 東白川ひがししらかわむら
85%
本巣もとす
85%
山県やまがた
85%
羽島はしまぐん 岐南ぎなんちょう
80%
土岐とき
80%
中津川なかつがわ
80%
養老ようろうぐん 養老ようろうちょう
80%
羽島はしまぐん 笠松かさまつちょう
75%
美濃加茂みのかも
75%
安八あんぱちぐん 安八あんぱちちょう
70%
揖斐いびぐん 池田いけだちょう
70%
揖斐いびぐん 大野おおのちょう
70%
不破ふわぐん 垂井たるいちょう
70%
羽島はしま
70%
瑞穂みずほ
70%
本巣もとすぐん 北方きたがたちょう
65%
加茂かもぐん 坂祝さかほぎちょう
65%
加茂かもぐん 富加とみかちょう
65%
安八あんぱちぐん 輪之内わのうちちょう
65%
安八あんぱちぐん 神戸ごうどちょう
60%
加茂かもぐん 七宗ひちそうちょう
60%
可児かにぐん 御嵩みたけちょう
60%
加茂かもぐん 八百津やおつちょう
60%
加茂かもぐん 川辺かわべちょう
50%
No matching quizzes found
Score Distribution
Percent of People with Each Score
Percentile by Number Answered
Your Score History
You have not taken this quiz since the last reset